Impact of age of rubber (Hevea brasiliensis) plantation on earthworm communities of West Tripura (India) (Record no. 60705)

MARC details
000 -LEADER
fixed length control field 00625nam a2200205Ia 4500
100 ## - MAIN ENTRY--AUTHOR NAME
Personal name Chaudhuri P.S
245 #0 - TITLE STATEMENT
Title Impact of age of rubber (Hevea brasiliensis) plantation on earthworm communities of West Tripura (India)
260 ## - PUBLICATION, DISTRIBUTION, ETC. (IMPRINT)
Name of publisher Journal of Environmental Biology
Year of publication 2013
300 ## - PHYSICAL DESCRIPTION
Number of Pages 59-65
650 ## - SUBJECT ADDED ENTRY--TOPICAL TERM
Topical Term Earthworm community
650 ## - SUBJECT ADDED ENTRY--TOPICAL TERM
Topical Term Rubber plantation
650 ## - SUBJECT ADDED ENTRY--TOPICAL TERM
Topical Term Teipura
700 ## - ADDED ENTRY--PERSONAL NAME
Personal name Bharracharjee S
700 ## - ADDED ENTRY--PERSONAL NAME
Personal name Bharracharya D
700 ## - ADDED ENTRY--PERSONAL NAME
Personal name Chattopadhyay S
700 ## - ADDED ENTRY--PERSONAL NAME
Personal name Dey A
856 ## - ELECTRONIC LOCATION AND ACCESS
Uniform Resource Identifier Subhalaxmi Bhattacharjee. PhD Thesis. 2013
942 ## - ADDED ENTRY ELEMENTS (KOHA)
Koha item type Journals
Holdings
Withdrawn status Lost status Damaged status Not for loan Home library Current library Shelving location Date acquired Serial Enumeration / chronology Koha item type
      Journals RRII Library RRII Library Agronomy 17/12/2021 Volume 34, Issue Janu Journals